Motivačné faktory vonkajšej migrácie obyvateľov Slovenska diplomová práca

Enregistré dans:
Détails bibliographiques
Auteur principal: Gunárová, Zuzana
Collectivité auteur: Národohospodárska fakulta EU. Katedra verejnej správy a regionálneho rozvoja
Autres auteurs: Vlčková, Viera
Format: Livre
Langue:slovaque
Publié: Bratislava 2014
Tags: Ajouter un tag
Pas de tags, Soyez le premier à ajouter un tag!

MARC

LEADER 00000nbm a2200000 4500
001 0187409
005 20170201085752.6
041 0 |a slo 
044 |a SK 
245 1 0 |a Motivačné faktory vonkajšej migrácie obyvateľov Slovenska  |b diplomová práca  |c Zuzana Gunárová ; školiteľ: Viera Vlčková 
264 1 |a Bratislava  |c 2014 
300 |a 58 s. 
100 1 |a Gunárová, Zuzana 
700 1 |a Vlčková, Viera 
710 2 |a Národohospodárska fakulta EU. Katedra verejnej správy a regionálneho rozvoja